Divided Capital Name Puzzle #1 - Statistics

General Stats
  • This quiz has been taken 84,570 times
    84,211 since last reset
  • The average score is 15 of 20
Answer Stats
Capital Name % Correct
AMST ER DAM Amsterdam
99%
MEXI COC ITY Mexico City
98%
REYK JA VIK Reykjavik
92%
VATI CANC ITY Vatican City
91%
STO CKH OLM Stockholm
86%
HEL SIN KI Helsinki
84%
SING APO RE Singapore
83%
BUD APE ST Budapest
82%
COP ENHA GEN Copenhagen
81%
BRAT ISLA VA Bratislava
80%
JER USA LEM Jerusalem
74%
LJU BLJ ANA Ljubljana
72%
ISLA MA BAD Islamabad
69%
BRA SI LIA Brasilia
68%
GEOR GET OWN Georgetown
68%
VIL NI US Vilnius
63%
WE LLIN GTON Wellington
63%
ULA ANBA ATAR Ulaanbaatar
51%
SAN TIA GO Santiago
48%
AT HE NS Athens
42%
No matching quizzes found
Score Distribution
Percent of People with Each Score
Percentile by Number Answered
Your Score History
You have not taken this quiz since the last reset